1427 1526 1252 1807 1344 1571 1498 1929 1828 1797 1164 1855 1557 1322 1251 1735 1466 1417 1751 1547 1856 1844 1342 1390 1526 1784 1203 1341 1486 1539 1046 1415 1535 1230 1055 1380 1895 1264 1996 1408 1841 1212 1830 1805 1217 1053 1618 1776 1300 1438 1784 1266 1041 1917 1184 1559 1515 1069 1325 1661 1217 1807 1181 1989 1589 1838 1244 1052 1635 1324 1293 1845 1655 1153 1789 1523 1527 1842 1913 1190 1256 1875 1132 1787 1896 1586 1994 1997 1346 1629 1964 1140 1481 1199 1813 1896 1418 1569 1698 BCNSPRNW ULIB Ver.6.0+V

เปลี่ยนเป็นภาษาไทย

Change to English
 แสดงรายละเอียดบรรณานุกรม
  กลับหน้าหลัก

Brief Record : Get Marc (ISO 2709) : E-mail record : QR code < ปิดหน้าต่าง
LEADER : 00000nam 2200000uu 4500
001    13399123861
003     ULIB
008    141212s2556||||th 000 0 tha d
020    ^a9786165516174
060 04 WL100^bบ827
110 1  จุฬาลงกรณ์มหาวิทยาลัย.^bคณะแพทยศาสตร์
245 00 ^aBasic and clinical neuroscience 5 /^cบรรณาธิการโดยชัยภัทร ชุณหรัศมิ์, ณัฐ พสุธารชาติ, อรอุมา ชุติเนตร และ นิจศรี ชาญณรงค์
250    ^aพิมพ์ครั้งที่ 1
260    ^aกรุงเทพฯ :^bสาขาประสาทวิทยา ภาควิชาอายุรศาสตร์ คณะแพทยศาสตร์ จุฬาลงกรณ์มหาวิทยาลัย,^c2556
300    ^a518 หน้า :^bภาพประกอบ
650  7 ^aประสาทวิทยา
650  7 ^aประสาทวิทยาศาสตร์
700 0  ^aณัฐ พสุธารชาติ,^eบรรณาธิการ
700 0  ^aชัยภัทร ชุณหรัศมิ์,^eบรรณาธิการ
700 0  ^aนิจศรี ชาญณรงค์,^eบรรณาธิการ
700 0  ^aอรอุมา ชุติเนตร,^eบรรณาธิการ
945    ^p550^l0^i22415
945    ^p550^l0^i22416
999    ^aทศพร เกษรทอง
รายการนี้ยังไม่มีแท็ก
คุณยังไม่ได้ล็อกอิน คุณสามารถมีกิจกรรมร่วมกับเว็บไซต์ได้ แต่ต้องล็อกอินก่อน ::
  ล็อกอิน

รายการสื่อสารสนเทศ

ลำดับที่ ประเภท เลขเรียก/บาร์โค้ด สถานที่ สถานะ
1. วิทยาศาสตร์การแพทย์ และสุขภาพ
หนังสือสำรอง
สถานะ=หนังสือสำรอง
WL100 บ827 ฉ.1 
  Barcode: 22415
ห้องสมุดวิทยาเขตนครสวรรค์
►หนังสือทั่วไป:l:General Books
บนชั้น
2. วิทยาศาสตร์การแพทย์ และสุขภาพ
วิทยาศาสตร์การแพทย์ และสุขภาพ
WL100 บ827 ฉ.2 
  Barcode: 22416
ห้องสมุดวิทยาเขตนครสวรรค์
►หนังสือทั่วไป:l:General Books
บนชั้น

รายการใกล้เคียง
    หัวเรื่อง [ประสาทวิทยา]
    หัวเรื่อง [ประสาทวิทยาศาสตร์]

BibComment


ยังไม่เคยถูกคอมเมนท์

คอมเมนท์ทรัพยากรรายการนี้
  คอมเมนท์: Basic and clinic..


 Copyright 2026. Bcnsprnw @Library